Statistics for Languages that are closest to English

Click here to take the quiz!

General Stats

  • This quiz has been taken 235 times
    (157 since last reset)
  • The average score is 12 of 20

Answer Stats

Lexical DistanceLanguage% Correct
48.7French
99%
30.8German
98%
57.0Spanish
98%
47.8Italian
97%
27.2Dutch
94%
26.7Swedish
93%
26.8Norwegian
91%
20.6Danish
87%
36.6Icelandic
71%
54.9Romanian
57%
56.5Catalan
53%
27.5Afrikaans
52%
25.2Frisian
46%
29.3Luxembourgish
42%
10.2Scots
38%
51.9Romansch
37%
36.3Faroese
32%
53.2Galician
30%
57.4Ladin
7%
50.8Friulian
4%

Score Distribution

Percentile by Number Answered

Percent of People with Each Score

Your Score History

You have not taken this quiz since the last reset